Name the Movie By These Lyrics (Disney) Quiz Stats

 Plays Quiz not verified by Sporcle

Score 0/10 Timer 05:00
0 Plays Today
Lyrics Disney Movie % Correct
It means no worries, for the rest of your days...Lion King
99.1%
I know you, I walked with you once upon a dream.Sleeping Beauty
89.2%
Who is that girl I see, staring straight back at me?Mulan
88.9%
But now he's dear, and so unsure, I wonder why I didn't see it there before. Beauty and the Beast
88.3%
The second star to the right shines in the night for you.Peter Pan
84.9%
I've got no strings to hold me down, to make me laugh, or make me frown.Pinocchio
84.4%
Let's go fly a kite, up to the highest height.Mary Poppins
75.8%
I've got friends on the other side.Princess and the Frog
50.3%
Life's a happy game. You could clown around forever.Fox and the Hound
24.9%
What a chance to get a better peek at the plants and creatures of the deep.Bedknobs and Broomsticks
17.3%

You're not logged in!

Compare scores with friends on all Sporcle quizzes.
OR
Log In

Show Comments

Extras

Created Nov 2, 2010ReportNominate
Tags:Disney Quiz

Top Quizzes Today


Score Distribution

Your Account Isn't Verified!

In order to create a playlist on Sporcle, you need to verify the email address you used during registration. Go to your Sporcle Settings to finish the process.

Report this User

Report this user for behavior that violates our Community Guidelines.

Details: